Normal view
MARC view
Entry Uniform Title
001 - CONTROL NUMBER
- control field: 26094
003 - CONTROL NUMBER IDENTIFIER
- control field: dpl
005 - DATE AND TIME OF LATEST TRANSACTION
- control field: 20110218160921.0
008 - FIXED-LENGTH DATA ELEMENTS
- fixed length control field: 110218|||a|||||| | ||| d
040 ## - CATALOGING SOURCE
- Original cataloging agency: dpl
- Transcribing agency: dpl
130 ## - HEADING--UNIFORM TITLE
- Uniform title: सृजनात्मक शिक्षा
670 ## - SOURCE DATA FOUND
- Source citation: Work cat.: (dpl): राव, इन्दुमती 26093, विज्ञान सीखना /, 2009
670 ## - SOURCE DATA FOUND
- Source citation: Work cat.: (dpl): राव, इन्दुमती 26093, विज्ञान सीखना /, 2009
